000 00322 a2200145 4500
001 169609
020 _a
040 _cMagnum
100 _aMocellin, Renato
240 1 0 _aAs mulheres na antiguidade
_lpor
245 1 0 _aAs mulheres na antiguidade
362 0 _a1899
697 _aHISTORIA ANTIGA MEDIEVAL
942 _cBK
999 _c169609
_d169609